000 00776cam a22002294a 4500
001 sa 67003090
003 DLC
005 20260227112335.0
008 751010s1967 ii b 001 0 eng
010 _asa 67003090
035 _a(OCoLC)1692108
040 _aDLC
_cOOxM
_dDLC
043 _aa-ii---
050 0 0 _aHD4293
_b.J3
082 _a354.54
100 1 _aJain, Ratan Kumar,
_d1924-
245 1 0 _aManagement of state enterprises in India :
_ba study of the organization and management of public sector enterprises in Indian setting /
_cby Ratan Kumar Jain.
260 _aBombay :
_bManaktalas,
_c1967.
300 _axiii, 532 p. ;
_c23 cm.
504 _aIncludes bibliographical references (p. 491-510) and index.
650 0 _aGovernment business enterprises
_zIndia.
999 _c73617
_d73617